Documento firmado por María N. de Iturbide (Record no. 4613)

MARC details
000 -CABECERA
campo de control de longitud fija 01185nam a2200289 a 4500
001 - NÚMERO DE CONTROL
campo de control BRCA_4919
005 - FECHA Y HORA DE LA ÚLTIMA TRANSACCIÓN
campo de control 20190320204847.0
008 - DATOS DE LONGITUD FIJA--INFORMACIÓN GENERAL
campo de control de longitud fija 201010s1830----mx-####f##---#000-0#spa-#
041 ## - CÓDIGO DE LENGUA
Código de lengua del texto/banda sonora o título independiente spa
044 ## - CÓDIGO DEL PAÍS DE LA ENTIDAD EDITORA/PRODUCTORA
Código MARC del país mx
084 ## - OTRO NÚMERO DE CLASIFICACIÓN
Número de clasificación DOC16
Número de documento/Ítem .I88
-- 1830
100 1# - ENTRADA PRINCIPAL--NOMBRE DE PERSONA
Nombre de persona Iturbide y Aramburu, María Nicolasa de
Fechas asociadas al nombre (?-1840)
9 (RLIN) 12468
245 10 - MENCIÓN DE TÍTULO
Título Documento firmado por María N. de Iturbide
Mención de responsabilidad, etc. María N. de Iturbide, Ignacio Lazo.
260 ## - PUBLICACIÓN, DISTRIBUCIÓN, ETC.
Lugar de publicación, distribución, etc. México
Fecha de publicación, distribución, etc. 1830
300 ## - DESCRIPCIÓN FÍSICA
Extensión [2] fojas
Dimensiones 15 x 10 cm
500 ## - NOTA GENERAL
Nota general Documento firmado el 11 de Marzo de 1830
500 ## - NOTA GENERAL
Nota general Carta de María N. de Iturbide dirigida a Don Ignacio Lazo fechada en México el 11 de Marzo de 1830
500 ## - NOTA GENERAL
Nota general El documento tiene la leyenda DOC. #25
500 ## - NOTA GENERAL
Nota general Estado de conservación: Contiene manchas de acidificación
506 0# - NOTA DE RESTRICCIONES AL ACCESO
Limitaciones de acceso Fondo reservado: para su consulta es necesario credencial de usuario y carta de motivos
546 ## - NOTA DE LENGUA/LENGUAJE
Nota de lengua/lenguaje Texto en: español de principios del siglo XIX
600 14 - PUNTO DE ACCESO ADICIONAL DE MATERIA--NOMBRE DE PERSONA
Nombre de persona Iturbide y Aramburu, María Nicolasa de
Fechas asociadas al nombre (?-1840)
9 (RLIN) 12468
651 #4 - PUNTO DE ACCESO ADICIONAL DE MATERIA--NOMBRE GEOGRÁFICO
Nombre geográfico México
Subdivisión de forma Manuscrito
Subdivisión general Historia
Subdivisión cronológica Federalismo y centralismo, 1824-1853
9 (RLIN) 12469
700 1# - PUNTO DE ACCESO ADICIONAL--NOMBRE DE PERSONA
Nombre de persona Lazo, Ignacio
9 (RLIN) 12470
902 ## - CATALOGADOR
Iniciales FDH
942 ## - ELEMENTOS DE PUNTO DE ACCESO ADICIONAL (KOHA)
Fuente del sistema de clasificación o colocación Library of Congress Classification
Tipo de ítem Koha Documentos
Holdings
Estado de retiro Estado de pérdida Estado dañado No para préstamo Localización permanente Ubicación/localización actual Fecha de adquisición Total de préstamos Signatura topográfica completa Código de barras Fecha visto por última vez Precio válido a partir de Tipo de ítem Koha
El ejemplar forma parte de la colección y puede ser consultado según las políticas vigentes.       Biblioteca del Museo Franz Mayer (Rogerio Casas-Alatriste) Biblioteca del Museo Franz Mayer (Rogerio Casas-Alatriste) 20/10/2010   DOC16 .I88 1830 4980 22/03/2019 22/03/2019 Documentos